La historia de los Mundiales : México 86 : la consagración de Argentina y Maradona /

Serie de documentales, dividida en cuatro tomos, en la que son recordados los mejores encuentros deportivos, las grandes hazañas de los protagonistas y los momentos de gloria de los campeones de la Copa Mundial de Futbol. Dentro de este recuento, el primer tomo es dedicado a las participaciones de l...

Descrición completa

Gardado en:
Detalles Bibliográficos
Formato: Deslizar
Idioma:Lingua castelá
Publicado: México : Alter Films [distribución], 2002, c2002
Temas:
Etiquetas: Engadir etiqueta
Sen Etiquetas, Sexa o primeiro en etiquetar este rexistro!

MARC

LEADER 00000ngm^a2200000^a^4500
001 000300297
005 20250521000000.0
009 20260310112504.211
037 |a Acervo ITESO - Biblioteca 
041 |a ESP 
082 |a 796. 334668  |b HIS V. 3 
240 1 4 |a [La historia de los Mundiales: Alter Films] 
245 0 3 |a La historia de los Mundiales :  |b México 86 : la consagración de Argentina y Maradona / 
264 4 |a México :  |b Alter Films [distribución],  |c 2002, c2002 
300 |a 1 DVD regiones 1 y 4  |c (77 min.) 
336 |a imagen móvil bidimensional  |b tdi  |2 rdacontenido 
337 |a video  |b v  |2 rdamedio 
338 |a videodisco  |b vd  |2 rdasoporte 
520 |a Serie de documentales, dividida en cuatro tomos, en la que son recordados los mejores encuentros deportivos, las grandes hazañas de los protagonistas y los momentos de gloria de los campeones de la Copa Mundial de Futbol. Dentro de este recuento, el primer tomo es dedicado a las participaciones de la selección mexicana en dicho torneo del orbe, en tanto los tres restantes volúmenes están centrados en las ediciones de la Copa celebradas en México (1970 y 1986) y Francia (1998), que proclamaron campeones a las selecciones de Brasil (1970), Argentina (1986) y Francia (1998). 
649 |a XX 
650 |a Futbol -  |z Argentina -  |x Historia -  |y 1983-1989 
650 |a Futbol -  |z Argentina -  |x Historia -  |y Siglo XX 
650 |a Futbol -  |z México -  |x Historia -  |y 1982-1988 
650 |a Futbol -  |z México -  |x Historia -  |y Siglo XX 
650 |a Mundial de Futbol -  |z México -  |x Tema Principal 
650 |a Mundial de Futbol -  |x Historia -  |x Tema Principal 
650 |a Futbol -  |x Competencias -  |x Historia 
650 |a Futbol -  |x Historia -  |y Siglo XX 
650 |a Deportes -  |z Argentina -  |x Historia -  |y 1983-1989 
650 |a Deportes -  |z Argentina -  |x Historia -  |y Siglo XX 
650 |a Deportes -  |z México -  |x Historia -  |y 1982-1988 
650 |a Deportes -  |z México -  |x Historia -  |y Siglo XX 
650 |a Campeonatos Deportivos -  |x Historia 
650 |a Deportes -  |x Historia -  |y Siglo XX 
650 |a Prácticas Culturales 
650 |a Sociología de la Cultura 
910 |a Fondo General 
920 |a Audiovisuales - DVDs 
905 |a 302 
901 |a 0500184101  |b IT2  |c DVS  |i C116900  |u 20250521 
902 |a https://opac.biblio.iteso.mx/vufind/Record/000300297